000 00635nam a2200229Ia 4500
003 OSt
005 20221007073001.0
006 a|||||r|||| 00| 0
007 ta
008 221006b |||||||| |||| 00| 0 eng d
024 _a14,126
037 _cTextual
040 _aFLL
_cFLL
_beng
041 _2eng
_aeng
082 _aX:5.5,k,N58, K6
100 _aLang John Temple
_9293159
245 0 _aCommon market and common law
260 _aLondon
_bThe University of Chicago Press London
_c1966
300 _axxxvii,573p
_ccm.
942 _hX:5.5,k,N58, K6
_cTEXL
_2CC
999 _c1147418
_d1147418